000 01885nam a2200337 4500
001 458
003 OSt
005 20260129075937.0
008 250807b |||||||j |||| 00| 1 eng d
020 _a9788598078717
040 _bpor
041 _heng
_apor
082 _a028.5
_bC874c
100 1 _aCowell, Cressida.
_d1819-1891
240 _aHow to Train Your Dragon
245 _aComo Treinar o seu Dragão #1:
_cCowell, Cressida. ; Tradução de Zampli, Raquel
260 _aRio de Janeiro
_bIntríniseca
_c2014
300 _a224 p.
_bil.
520 _aSoluço Spantosicus Strondus III foi um extraordinário herói viking. Chefe guerreiro, mestre no combate com espadas, era conhecido por todo o território viking como "O encantador de dragões", devido ao poder que exercia sobre as terríveis feras. Mas nem sempre foi assim... Neste livro estão as memórias da época em que Soluço era apenas um garoto normal. Muito normal. Nem um pouco heroico. Ele precisava desesperadamente capturar e treinar um dragão, e teria de ser o animal mais impressionante de todos. Mas tudo o que conseguiu foi uma criaturinha pequena e banguela, nada ameaçadora. Foi então que seu destino de herói começou a ser traçado. Inteiramente ilustrado, com muita ação e o tipo de humor que arranca gargalhadas até dos mais carrancudos, Como treinar o seu dragão é o primeiro livro de uma série que é sucesso mundial, escrita e ilustrada pela inglesa Cressida Cowell, autora premiada de obras infantis e infantojuvenis.
650 0 _aLiteratura Inglesa
_989
650 0 _aInfantojuvenil
_9200
650 0 _aAventura
_947
650 0 _aDragões
_9991
650 0 _aClássicos
_977
650 0 _aFilme
_926
655 0 _aRomance
_923
655 0 _aFicção
_922
700 _aZampil, Raquel
_eTRADUTORA
_9898
830 _aComo Treinar seu Dragão
_9993
_vvol. 1
942 _2ddc
_n0
_cBK
999 _c458
_d458